00373nam a2200121 a 450008200130000010000260001324500540003926000330009330000090012650000350013550500550017070000260022500a291bMOH aMohammed, Ovey Nelson aMuslim-Christian Relations, Past, Present, Future aNew YorkbOrbis Books c1999 a144p aincludes index and biblioraphy2 aTeaching and Tites of Islam According to the Text.1 aMohammed, Ovey Nelson